00732nai a2200181Ia 4500003000900000008004100009022002300050040001600073245004800089260002600137310001500163362002700178521006900205856009000274942000700364999001700371952016200388IN-BaIIA211028c9999 xx s 000 0 eng d a0034-4877 (Online) cIIA Library 0aReports on Mathematical Physicsh[eJournal] aOxford, U.KbPergamon aBi-monthly a35(1); 1995 - Present  bSubscribed through National Knowledge Resource Consortium (NKRC) uhttps://www.sciencedirect.com/science/journal/00344877yClick Here to Access eJournal cEJ c35645d35645 00104070aBANbBANd2009-01-01eNKRCh35(1); 1995 - Present l0pEJ1729r2021-11-05uhttps://www.sciencedirect.com/science/journal/00344877w2021-11-05yEJ